000 00886nac a22002051u 4500
008 091004t xxu||||| |||| 00| 0 eng d
020 _a9781845113889
082 _a355.825119
_bEHT
100 _aEhteshami, Anoushirava
_98811
245 _aIran And The Rise Of Its Neoconservatives: The Politics Of Tehran`s Silent Revolution /
_cAnoushiravan Ehteshami and Mahjoob Zweiri .
260 _aLondon:
_bI.B. Tauris & Co Ltd,c.2007.
_cc.2007.
300 _a215p;
_c25cm.
500 _aDistributer: Baccah.
511 _aCatalogued By: Mahitab.
650 _aNuclear weapons--Middle East.
_98812
650 _aMiddle East--Military policy.
_98813
700 _aZweiri, Mahjoob.
_98814
942 _cNB
_k355.825119EHT
_2ddc
999 _c7193
_d7193